Research on global leaders in education.

Karen Edge investigates the importance of global cities and Generation X on educational leadership. Edge explains the effects of these factors on school systems and teacher retention.

Bibliographic Details
Format: Video
Language:English
Language Notes:Closed-captioned in English.
Published: London : SAGE Publications Ltd, 2018.
Subjects:
Online Access:Connect to this streaming video

MARC

Tag First Indicator Second Indicator Subfields
LEADER 00000cgm a2200000Mi 4500
001 in00005514921
006 m o c
007 vz |za|||
007 cr |za||||||||
008 180103s2018 enk--- f o vleng d
005 20241105202944.7
035 |a (OCoLC)on1020313405 
040 |a SGPBL  |b eng  |e rda  |e pn  |c SGPBL  |d OCLCO  |d OCLCF  |d U3W  |d NRC  |d OCLCO  |d AZK 
019 |a 1316320087  |a 1319448085  |a 1354823721 
020 |a 9781526434098  |q (streaming video)  
020 |a 1526434091 
035 |a (OCoLC)1020313405  |z (OCoLC)1316320087  |z (OCoLC)1319448085  |z (OCoLC)1354823721 
041 0 |a eng  |j eng 
050 4 |a LB2806  |b .R47 2018 
082 0 4 |a 371.2 
049 |a TXAM 
245 0 0 |a Research on global leaders in education. 
264 1 |a London :  |b SAGE Publications Ltd,  |c 2018. 
300 |a 1 online resource (1 video file (00:20:59)) :  |b sound, colour. 
336 |a two-dimensional moving image  |b tdi  |2 rdacontent 
337 |a video  |b v  |2 rdamedia 
338 |a online resource  |b cr  |2 rdacarrier 
344 |a digital  |2 rda 
347 |a data file  |2 rda 
511 0 |a Academic, Karen Edge Ph.D. 
520 8 |a Karen Edge investigates the importance of global cities and Generation X on educational leadership. Edge explains the effects of these factors on school systems and teacher retention. 
546 |a Closed-captioned in English. 
588 |a Description based on XML content. 
650 0 |a Educational leadership  |x Research. 
650 0 |a Teacher educators  |x Research. 
650 6 |a Leadership en éducation  |x Recherche. 
650 6 |a Professeurs de sciences de l'éducation  |x Recherche. 
650 7 |a Educational leadership  |x Research.  |2 fast  |0 (OCoLC)fst00903531 
700 1 |a Edge, Karen,  |e on-screen presenter. 
856 4 0 |u http://proxy.library.tamu.edu/login?url=https://sk.sagepub.com/video/research-on-global-leaders-in-education  |z Connect to this streaming video  |t 0 
955 |a SAGE Video Education 
994 |a 92  |b TXA 
999 f f |s 05cad328-baa3-4fcb-98c2-126117de56a3  |i 5be8315e-eca4-4e7a-93d4-b4a90a6d1e2d  |t 0 
952 f f |a Texas A&M University  |b College Station  |c Electronic Resources  |d Available Online  |t 0  |e LB2806 .R47 2018  |h Library of Congress classification 
998 f f |a LB2806 .R47 2018  |t 0  |l Available Online